| 000 | 00586nam a2200229 a 4500 | ||
|---|---|---|---|
| 999 |
_c4841 _d4841 |
||
| 001 | 4841 | ||
| 003 | BD-JhCC | ||
| 005 | 20171204161019.0 | ||
| 008 | 171204s1968 e a|||| || | 001 0 eng d | ||
| 035 | _a(BD-JhCC)4841 | ||
| 040 |
_aBD-JhCC _dBD-JhCC |
||
| 041 | _aeng | ||
| 082 |
_a956 _bBRO 1968 |
||
| 100 | _aBrowne, Harry | ||
| 245 |
_aStruggle in the Deserts / _cHarry Browne, |
||
| 260 |
_aLondon : _bFaber and Faber, _c1968. |
||
| 300 |
_a128 p. : _c18 cm. |
||
| 504 | _aBibliography | ||
| 650 |
_aMiddle East _zPolitics and Government |
||
| 942 |
_2ddc _cBK |
||